Statistics for G20 Member Countries

Click here to take the quiz!

General Stats

  • This quiz has been taken 3,048 times
  • The average score is 18 of 20

Answer Stats

Answer% Correct
United States
99%
France
98%
Germany
98%
United Kingdom
98%
Brazil
97%
Canada
97%
China
97%
Japan
97%
Russia
97%
Australia
95%
Italy
95%
India
94%
Mexico
93%
Argentina
91%
South Korea
90%
Indonesia
88%
South Africa
87%
Saudi Arabia
81%
Turkey
81%
European Union
33%

Score Distribution

Percentile by Number Answered

Percent of People with Each Score

Your Score History

You have not taken this quiz